[Event "Samara Polugaevsky Memorial 5th"]
[Site "Samara"]
[Date "2015.07.11"]
[Round "9"]
[White "Bochkarev, Alexey"]
[Black "Bykov, Oleg1111"]
[Result "0-1"]
[WhiteElo "2306"]
[BlackElo "2178"]
[PlyCount "86"]
[EventDate "2015.07.03"]
[EventType "swiss"]
[EventRounds "9"]
[EventCountry "RUS"]
[SourceTitle "EXT 2017"]
[Source "ChessBase"]
[SourceDate "2016.10.25"]
[SourceVersion "1"]
[SourceVersionDate "2016.10.25"]
[SourceQuality "1"]

1. d4 Nf6 2. Nf3 d5 3. Bf4 c5 4. e3 Qb6 5. Qc1 Nc6 6. c3 Bf5 7. Nbd2 e6 8. Nh4 Bg4 9. h3 Bh5 10. g4 Bg6 11. Nxg6 hxg6 12. Bg2 Rc8 13. Qb1 Be7 14. 0-0 0-0 15. Bg3 Rfd8 16. f4 Bd6 17. Bf2 cxd4 18. cxd4 Rc7 19. a3 Rdc8 20. b4 a5 21. b5 Ne7 22. a4 Bb4 23. Nb3 Ne8 24. e4 dxe4 25. Bxe4 Nf6 26. d5 Qd6 27. dxe6 Qxf4 28. exf7+ Kxf7 29. Bg2 Bd6 30. Rc1 Rc3 31. Rxc3 Rxc3 32. Nd4 Rxh3 33. Qa2+ Ke8 34. Bxh3 Qh2+ 35. Kf1 Qxh3+ 36. Ke1 Bb4+ 37. Ke2 Qxg4+ 38. Kf1 Qh3+ 39. Kg1 Qg4+ 40. Kf1 Qh3+ 41. Ke2 Nfd5 42. Qb3 Nf4+ 43. Kd1 Qf1+ 0-1

[Event "Samara Polugaevsky Memorial 5th"]
[Site "Samara"]
[Date "2015.07.10"]
[Round "8"]
[White "Pogorelskikh, Sergey"]
[Black "Bochkarev, Alexey"]
[Result "1/2-1/2"]
[WhiteElo "2223"]
[BlackElo "2306"]
[PlyCount "108"]
[EventDate "2015.07.03"]
[EventType "swiss"]
[EventRounds "9"]
[EventCountry "RUS"]
[SourceTitle "EXT 2017"]
[Source "ChessBase"]
[SourceDate "2016.10.25"]
[SourceVersion "1"]
[SourceVersionDate "2016.10.25"]
[SourceQuality "1"]

1. e4 e6 2. d4 d5 3. Nd2 dxe4 4. Nxe4 Bd7 5. Nf3 Bc6 6. Bd3 Nd7 7. 0-0 Be7 8. Re1 Ngf6 9. Neg5 h6 10. Nh3 Bxf3 11. Qxf3 c6 12. Nf4 0-0 13. c3 Re8 14. Bc2 Nf8 15. Nd3 N6d7 16. Bf4 Bg5 17. Bxg5 Qxg5 18. Ne5 Nxe5 19. Rxe5 Qf6 20. Qg3 Rad8 21. Rae1 Rd5 22. f4 Rxe5 23. fxe5 Qe7 24. Re4 g6 25. h4 Kg7 26. Rf4 Rd8 27. Qf2 Rd7 28. Be4 Rc7 29. b4 b6 30. g3 Nd7 31. Qe3 c5 32. b5 cxd4 33. cxd4 Rc4 34. Bc6 Nb8 35. d5 exd5 36. Bxd5 Rxf4 37. gxf4 Nd7 38. h5 g5 39. Qd4 gxf4 40. e6+ Nf6 41. exf7 Qe3+ 42. Qxe3 fxe3 43. Bf3 Kxf7 44. Kf1 Ke6 45. Ke2 Nd5 46. Bxd5+ Kxd5 47. Kxe3 Ke5 48. a4 Kf5 49. Kd4 Kg5 50. Kd5 Kxh5 51. Kc6 Kg5 52. Kb7 h5 53. Kxa7 h4 54. a5 bxa5 1/2-1/2

[Event "Samara Polugaevsky Memorial 5th"]
[Site "Samara"]
[Date "2015.07.08"]
[Round "6"]
[White "Kontsevik, Georgy"]
[Black "Bochkarev, Alexey"]
[Result "0-1"]
[WhiteElo "2127"]
[BlackElo "2306"]
[PlyCount "116"]
[EventDate "2015.07.03"]
[EventType "swiss"]
[EventRounds "9"]
[EventCountry "RUS"]
[SourceTitle "EXT 2017"]
[Source "ChessBase"]
[SourceDate "2016.10.25"]
[SourceVersion "1"]
[SourceVersionDate "2016.10.25"]
[SourceQuality "1"]

1. d4 d5 2. Nf3 e6 3. c4 c6 4. Bf4 Bd6 5. e3 Bxf4 6. exf4 dxc4 7. Bxc4 Nf6 8. 0-0 0-0 9. Nc3 Qc7 10. Ne5 Nbd7 11. Re1 Nb6 12. Bb3 Rd8 13. Rc1 Nbd5 14. Qf3 Ne7 15. g4 Qa5 16. Bc2 Ng6 17. f5 exf5 18. gxf5 Ne7 19. Bb3 Ned5 20. Nxd5 cxd5 21. Ng4 Ne4 22. Ne3 Nd2 23. Qg3 Nxb3 24. f6 g6 25. Qf4 Kh8 26. axb3 Be6 27. Kg2 Qb6 28. h4 Rg8 29. Rc3 Rae8 30. Kf3 Qd8 31. Ng2 Bf5 32. Rxe8 Rxe8 33. Qg5 Re6 34. Nf4 Rxf6 35. Kg3 Rd6 36. Qxd8+ Rxd8 37. Rc7 Rd7 38. Rxd7 Bxd7 39. Nxd5 Be6 40. Nc7 Bxb3 41. Kf4 Kg7 42. Ne8+ Kf8 43. Nf6 Ke7 44. Ke5 h5 45. f4 a5 46. d5 b6 47. Ne4 Bc2 48. Nf6 Bb3 49. Ne4 Kd7 50. Ng5 f6+ 51. Kxf6 Bxd5 52. Kxg6 a4 53. Nh3 b5 54. Nf2 b4 55. Nd1 Bb3 56. f5 Bxd1 57. f6 Ke8 58. Kg7 Bb3 0-1

[Event "Barnaul-ch+"]
[Site "Barnaul"]
[Date "2015.03.14"]
[Round "1"]
[White "Boiarintsev, Vitaly"]
[Black "Bochkarev, Alexey"]
[Result "1-0"]
[WhiteElo "2272"]
[BlackElo "2311"]
[PlyCount "45"]
[EventDate "2015.03.14"]
[EventType "tourn"]
[EventRounds "9"]
[EventCountry "RUS"]
[SourceTitle "CBM 165 Extra"]
[Source "ChessBase"]
[SourceDate "2015.04.21"]
[SourceVersion "1"]
[SourceVersionDate "2015.04.21"]
[SourceQuality "1"]

1. e4 e6 2. d4 d5 3. e5 c5 4. c3 Bd7 5. Nf3 Qb6 6. a3 cxd4 7. cxd4 Bb5 8. Bxb5+ Qxb5 9. Nc3 Qc4 10. Bf4 Nc6 11. Rc1 Na5 12. Nd2 Qxd4 13. Be3 Qxe5 14. 0-0 Nc6 15. Qa4 Qc7 16. Nb5 Qd7 17. Bf4 Rc8 18. Nc4 Kd8 19. Nxa7 Nxa7 20. Qa5+ Ke8 21. Nb6 Qd8 22. Qxa7 Bc5 23. Qxb7 1-0

[Event "Izhevsk Corporation Cup 6th"]
[Site "Izhevsk"]
[Date "2014.07.19"]
[Round "7"]
[White "Frolov, Artiom"]
[Black "Bochkarev, Alexey"]
[Result "0-1"]
[WhiteElo "2403"]
[BlackElo "2302"]
[PlyCount "146"]
[EventDate "2014.07.12"]
[EventType "swiss"]
[EventRounds "9"]
[EventCountry "RUS"]
[SourceTitle "CBM 161 Extra"]
[Source "ChessBase"]
[SourceDate "2014.08.29"]
[SourceVersion "1"]
[SourceVersionDate "2014.08.29"]
[SourceQuality "1"]

1. Nf3 d5 2. g3 Nf6 3. Bg2 c6 4. 0-0 Nbd7 5. d3 e5 6. Nbd2 Be7 7. e4 dxe4 8. dxe4 0-0 9. Qe2 Qc7 10. Nh4 Re8 11. a4 a5 12. Nc4 b6 13. Rd1 Ba6 14. Nf5 Bf8 15. Bd2 Rad8 16. f3 Nc5 17. Bf1 Ne6 18. b3 g6 19. Nfe3 Nd4 20. Qg2 Bc5 21. Kh1 Bb7 22. Rab1 Bf8 23. Be1 Bh6 24. Qf2 c5 25. Bg2 Ba6 26. c3 Bxc4 27. Nxc4 Nc6 28. Bh3 Rxd1 29. Rxd1 Rd8 30. Rxd8+ Qxd8 31. Qe2 Ne8 32. Bf1 Nd6 33. Qd3 Nxc4 34. Qxd8+ Nxd8 35. Bxc4 Bf8 36. f4 Bd6 37. f5 Kg7 38. Kg2 g5 39. Bd5 f6 40. Kf3 Kf8 41. Ke2 Ke7 42. Kd3 Kd7 43. Kc4 Kc7 44. Kb5 Nb7 45. Bg8 h6 46. g4 Be7 47. Bd5 Nd6+ 48. Ka6 Nc8 49. Bf2 Bf8 50. Be3 Be7 51. b4 axb4 52. cxb4 cxb4 53. Be6 Bc5 54. Bxc5 bxc5 55. Kb5 Nd6+ 56. Kxc5 Nxe4+ 57. Kxb4 Nf2 58. Kc5 Nxg4 59. Bd5 Kb8 60. Kb6 Ne3 61. Bh1 Nc4+ 62. Kc5 Nd2 63. Bd5 Ka7 64. Bc6 g4 65. Be8 Nf3 66. Kd5 Nxh2 67. Bc6 g3 68. Ke6 Ng4 69. Kf7 h5 70. Kg6 h4 71. Bg2 e4 72. Kh5 e3 73. Bf1 Nh2 0-1

[Event "Izhevsk Corporation Cup 6th"]
[Site "Izhevsk"]
[Date "2014.07.16"]
[Round "5"]
[White "Smirnov, Alexey1111"]
[Black "Bochkarev, Alexey"]
[Result "1-0"]
[WhiteElo "2413"]
[BlackElo "2302"]
[PlyCount "117"]
[EventDate "2014.07.12"]
[EventType "swiss"]
[EventRounds "9"]
[EventCountry "RUS"]
[SourceTitle "CBM 161 Extra"]
[Source "ChessBase"]
[SourceDate "2014.08.29"]
[SourceVersion "1"]
[SourceVersionDate "2014.08.29"]
[SourceQuality "1"]

1. d4 d5 2. c4 e6 3. Nf3 f5 4. g3 Nf6 5. Bg2 c6 6. 0-0 Bd6 7. Nc3 0-0 8. Qc2 Ne4 9. Rb1 Nd7 10. b4 Qe7 11. b5 Bb4 12. Nxe4 fxe4 13. Bg5 Nf6 14. Ne5 cxb5 15. cxd5 exd5 16. Qb3 Bd6 17. Bxe4 Bxe5 18. Bxd5+ Kh8 19. dxe5 Qxe5 20. Bxf6 Rxf6 21. Qxb5 a6 22. Qc4 b5 23. Qe4 Qxe4 24. Bxe4 Rb8 25. Rfd1 Be6 26. a4 Bc4 27. Bd3 Bxd3 28. Rxd3 h6 29. axb5 axb5 30. Rd5 b4 31. Rb3 Rb7 32. Rd4 Rfb6 33. f4 Kg8 34. Kf2 Kf7 35. Kf3 Kf6 36. g4 Kf7 37. h4 Rb5 38. e4 R5b6 39. g5 hxg5 40. hxg5 g6 41. Kg4 Kg7 42. Rc4 Kf7 43. f5 Kg7 44. Kf4 Kf7 45. Rc1 Ke7 46. Rh1 Rb8 47. Rh7+ Kd6 48. Rh6 Rg8 49. Rd3+ Kc5 50. Rxg6 Rbxg6 51. fxg6 Kc4 52. Rd6 Kc5 53. Rd5+ Kc4 54. Kf5 b3 55. Kf6 Rf8+ 56. Ke7 Ra8 57. g7 b2 58. Rd1 Kc3 59. Rb1 1-0

[Event "Izhevsk Corporation Cup 6th"]
[Site "Izhevsk"]
[Date "2014.07.12"]
[Round "1"]
[White "Poletaev, Vitaly"]
[Black "Bochkarev, Alexey"]
[Result "0-1"]
[WhiteElo "1989"]
[BlackElo "2302"]
[PlyCount "188"]
[EventDate "2014.07.12"]
[EventType "swiss"]
[EventRounds "9"]
[EventCountry "RUS"]
[SourceTitle "CBM 161 Extra"]
[Source "ChessBase"]
[SourceDate "2014.08.29"]
[SourceVersion "1"]
[SourceVersionDate "2014.08.29"]
[SourceQuality "1"]

1. e4 e6 2. d4 d5 3. Nd2 dxe4 4. Nxe4 Bd7 5. Nf3 Bc6 6. Bd3 Nd7 7. c3 Ngf6 8. Qc2 Be7 9. h3 Nxe4 10. Bxe4 Bxe4 11. Qxe4 c6 12. 0-0 0-0 13. Re1 Re8 14. a4 a5 15. Bd2 Qb6 16. Qc2 h6 17. Be3 Qc7 18. Qd2 Rad8 19. Bf4 Bd6 20. Bxd6 Qxd6 21. Qc2 Qc7 22. Ne5 Nxe5 23. Rxe5 Rd5 24. Rae1 Red8 25. f4 c5 26. Rxd5 Rxd5 27. dxc5 Qxf4 28. c6 bxc6 29. Qe4 Qb8 30. b4 axb4 31. Qxb4 Qg3 32. Rb1 Kh7 33. Qe4+ f5 34. Qf3 Qd6 35. Re1 Kg6 36. Qe3 Kf6 37. c4 Rd3 38. Qf2 Rd4 39. Qb2 e5 40. Qf2 Rf4 41. c5 Qd5 42. Qc2 Rc4 43. Qb3 Qxc5+ 44. Kh1 Qd5 45. Rd1 Qc5 46. a5 Rb4 47. Qa3 Rb5 48. Qd3 Rxa5 49. Rf1 e4 50. Qxe4 Qd5 51. Qh4+ Kg6 52. Rc1 Kh7 53. Qf4 Ra2 54. Qf3 Qxf3 55. gxf3 Ra6 56. Kg2 Kg6 57. f4 Kf6 58. Rc3 g6 59. h4 h5 60. Kf3 Ke6 61. Ke3 Kd6 62. Kd3 Kc7 63. Kd4 Ra5 64. Kc4 Rd5 65. Rg3 Rd6 66. Ra3 Rd1 67. Ra7+ Kb6 68. Rg7 Rf1 69. Rxg6 Rxf4+ 70. Kc3 Rxh4 71. Rg5 Rf4 72. Rxh5 Kc5 73. Rh3 Kd5 74. Rh8 Rf3+ 75. Kd2 Kc4 76. Ke2 Rf4 77. Ke3 Re4+ 78. Kd2 f4 79. Rf8 c5 80. Rf7 Kd5 81. Rf5+ Kd4 82. Rf8 c4 83. Rd8+ Ke5 84. Re8+ Kf5 85. Rf8+ Kg4 86. Rg8+ Kh3 87. Rh8+ Kg2 88. Rg8+ Kf2 89. Rd8 f3 90. Rd7 Kf1 91. Kd1 f2 92. Rd8 Re3 93. Kc2 Ke2 94. Rd2+ Kf3 0-1

[Event "Samara Polugaevsky Memorial 4th"]
[Site "Samara"]
[Date "2014.07.10"]
[Round "9"]
[White "Vildanov, Ruslan"]
[Black "Bochkarev, Alexey"]
[Result "0-1"]
[WhiteElo "2014"]
[BlackElo "2302"]
[PlyCount "92"]
[EventDate "2014.07.02"]
[EventType "swiss"]
[EventRounds "9"]
[EventCountry "RUS"]
[SourceTitle "CBM 161 Extra"]
[Source "ChessBase"]
[SourceDate "2014.08.29"]
[SourceVersion "1"]
[SourceVersionDate "2014.08.29"]
[SourceQuality "1"]

1. e4 e6 2. d4 d5 3. Nc3 dxe4 4. Nxe4 Bd7 5. Nf3 Bc6 6. Bd3 Nd7 7. 0-0 Be7 8. Re1 Ngf6 9. Ng3 Bxf3 10. Qxf3 c6 11. c4 0-0 12. b3 Qa5 13. Bb2 Ba3 14. Bc3 Bb4 15. Bxb4 Qxb4 16. Ne4 Rfd8 17. Rad1 a5 18. a4 Nxe4 19. Rxe4 Nf6 20. Rh4 h6 21. h3 Rd7 22. Bc2 Rad8 23. Rd3 Kf8 24. Rxh6 gxh6 25. Qxf6 Qe1+ 26. Kh2 Qc1 27. Rf3 Qg5 28. Qxe6 Re7 29. Qf6 Qxf6 30. Rxf6 Rxd4 31. Rxh6 Rd2 32. Bf5 Rxf2 33. Bg4 Rb2 34. h4 Rxb3 35. h5 Re4 36. Bf5 Rh4+ 37. Kg1 Kg7 38. Rh7+ Kg8 39. h6 Rg3 40. Kf2 Rg5 41. Bd3 Rf4+ 42. Ke3 Rfg4 43. Rg7+ Rxg7 44. hxg7 Rxg2 45. Kd4 Rb2 46. Kc5 Rb4 0-1

[Event "Samara Polugaevsky Memorial 4th"]
[Site "Samara"]
[Date "2014.07.09"]
[Round "8"]
[White "Bochkarev, Alexey"]
[Black "Asanov, Almaz"]
[Result "0-1"]
[WhiteElo "2302"]
[BlackElo "2108"]
[PlyCount "154"]
[EventDate "2014.07.02"]
[EventType "swiss"]
[EventRounds "9"]
[EventCountry "RUS"]
[SourceTitle "CBM 161 Extra"]
[Source "ChessBase"]
[SourceDate "2014.08.29"]
[SourceVersion "1"]
[SourceVersionDate "2014.08.29"]
[SourceQuality "1"]

1. d4 e6 2. Nf3 c5 3. c3 Nf6 4. Bf4 d5 5. e3 Bd6 6. Bg3 0-0 7. Nbd2 Nc6 8. Be2 Re8 9. Ne5 Bf8 10. f4 Ne4 11. Bd3 f5 12. Ndf3 Nxe5 13. Nxe5 Bd6 14. Qh5 Rf8 15. Bh4 Qc7 16. 0-0 Bd7 17. Qe2 Nf6 18. h3 Ne4 19. g4 Be8 20. Kh2 Bxe5 21. fxe5 Bg6 22. gxf5 Bxf5 23. Rg1 c4 24. Bc2 Kh8 25. Raf1 Rf7 26. Rg2 Raf8 27. Rfg1 Qd7 28. Qe1 Qe8 29. Bd1 Rd7 30. Ba4 Rff7 31. Bxd7 Rxd7 32. Qe2 b5 33. a4 bxa4 34. Ra1 Rb7 35. Qd1 Rb3 36. Be1 h6 37. h4 Kh7 38. Ra2 Qd7 39. Qa1 Qe8 40. Rxa4 Rb7 41. Qd1 Bg6 42. Rb4 Re7 43. Qg4 Bf5 44. Qf3 Qf8 45. Bg3 Rd7 46. Bf4 Rc7 47. Qd1 Re7 48. Ra4 Rb7 49. Ra1 Qb8 50. Qe2 Qe8 51. Rh1 Qb8 52. Kg1 Qe8 53. Qd1 Qf7 54. Qf3 Qe8 55. Kh2 Rc7 56. Bg3 Rf7 57. Be1 Rb7 58. Qe2 Qf7 59. Rf1 Qe8 60. h5 Rf7 61. Bh4 Qf8 62. Rf4 Rb7 63. Qf3 Qc8 64. Kh1 Rf7 65. Qd1 Qe8 66. Qe2 Qc8 67. Qf1 Qe8 68. Qf3 Qc8 69. Rg6 Qe8 70. Qg2 Qf8 71. Rxf5 Rxf5 72. Rxe6 Ng5 73. Rg6 Rf1+ 74. Kh2 Nf3+ 75. Kh3 Qf5+ 76. Rg4 Rg1 77. e4 dxe4 0-1

[Event "Samara Polugaevsky Memorial 4th"]
[Site "Samara"]
[Date "2014.07.04"]
[Round "3"]
[White "Matjushin, Gennady"]
[Black "Bochkarev, Alexey"]
[Result "1-0"]
[WhiteElo "2462"]
[BlackElo "2302"]
[PlyCount "130"]
[EventDate "2014.07.02"]
[EventType "swiss"]
[EventRounds "9"]
[EventCountry "RUS"]
[SourceTitle "CBM 161 Extra"]
[Source "ChessBase"]
[SourceDate "2014.08.29"]
[SourceVersion "1"]
[SourceVersionDate "2014.08.29"]
[SourceQuality "1"]

1. d4 d5 2. c4 e6 3. Nc3 c6 4. Nf3 f5 5. Bf4 Nf6 6. e3 Bd6 7. Bxd6 Qxd6 8. Bd3 0-0 9. 0-0 Ne4 10. Qb3 Kh8 11. Ne2 Nd7 12. Nf4 g5 13. Bxe4 gxf4 14. Bc2 fxe3 15. Qxe3 dxc4 16. Rfe1 Nb6 17. Qh6 Qe7 18. Ne5 Rg8 19. Re3 Nd5 20. Rh3 Bd7 21. Rg3 Rxg3 22. hxg3 Rg8 23. Nxc4 Qg7 24. Qxg7+ Kxg7 25. f3 Kf6 26. Kf2 Be8 27. f4 Bg6 28. Ne5 Rd8 29. Rd1 Bh5 30. Rh1 Bg6 31. Rd1 Bh5 32. Rh1 Bg6 33. Bb3 Nc7 34. Ke3 Nb5 35. Rd1 Bh5 36. Rh1 Bg6 37. Nf3 Rd7 38. Bc4 Nc7 39. Ne5 Rg7 40. g4 fxg4 41. Nxg4+ Ke7 42. Nh6 Nd5+ 43. Bxd5 cxd5 44. g4 Be4 45. Rc1 Kd8 46. a3 Kd7 47. Rc5 Kd8 48. Rc1 Kd7 49. Rc3 Kd8 50. f5 exf5 51. gxf5 Rg1 52. Kf4 Rh1 53. Kg5 Rxh6 54. Kxh6 Bxf5 55. Kg5 Be4 56. Kf6 Kd7 57. Ke5 Bg2 58. b4 a6 59. a4 b5 60. a5 Be4 61. Rg3 Kc6 62. Rg7 h5 63. Ra7 Bf3 64. Rxa6+ Kc7 65. Rh6 Kb7 1-0

[Event "Izmailov Memorial op 16th"]
[Site "Tomsk"]
[Date "2012.08.13"]
[Round "8"]
[White "Bochkarev, Alexey"]
[Black "Puraev, Artemiy"]
[Result "1/2-1/2"]
[WhiteElo "2421"]
[BlackElo "2233"]
[PlyCount "81"]
[EventDate "2012.08.06"]
[EventType "swiss"]
[EventRounds "9"]
[EventCountry "RUS"]
[SourceTitle "CBM 149 Extra"]
[Source "ChessBase"]
[SourceDate "2012.08.24"]
[SourceVersion "1"]
[SourceVersionDate "2012.08.24"]
[SourceQuality "1"]

1. d4 d5 2. Nf3 Nf6 3. Bf4 c5 4. e3 Nc6 5. c3 Qb6 6. Qc1 Bf5 7. Nbd2 cxd4 8. exd4 Rc8 9. a3 e6 10. Be2 h6 11. h3 Be7 12. 0-0 Ne4 13. Be3 Qc7 14. Nxe4 dxe4 15. Nd2 Bg5 16. Qe1 a6 17. Bd1 Ne7 18. Bc2 Bxe3 19. fxe3 Qb6 20. Rb1 Qc6 21. Qg3 0-0 22. Qh4 Ng6 23. Qf2 Ne7 24. Qh4 Ng6 25. Qe1 Ne7 26. c4 Bg6 27. b4 b5 28. Bb3 Rfd8 29. Rc1 Qd7 30. Rf2 f5 31. Nf1 Bf7 32. cxb5 axb5 33. Rfc2 Rxc2 34. Rxc2 f4 35. Rd2 Qa7 36. exf4 Qxa3 37. Ba2 Qxb4 38. Qxe4 Nd5 39. f5 exf5 40. Qxf5 Nf6 41. Bxf7+ 1/2-1/2

[Event "Izmailov Memorial op 16th"]
[Site "Tomsk"]
[Date "2012.08.11"]
[Round "6"]
[White "Bochkarev, Alexey"]
[Black "Turovets, Sergey"]
[Result "1/2-1/2"]
[WhiteElo "2421"]
[BlackElo "1946"]
[PlyCount "109"]
[EventDate "2012.08.06"]
[EventType "swiss"]
[EventRounds "9"]
[EventCountry "RUS"]
[SourceTitle "CBM 149 Extra"]
[Source "ChessBase"]
[SourceDate "2012.08.24"]
[SourceVersion "1"]
[SourceVersionDate "2012.08.24"]
[SourceQuality "1"]

1. d4 Nf6 2. Nf3 g6 3. Bg5 Bg7 4. Nbd2 d5 5. e3 0-0 6. Bd3 c5 7. c3 b6 8. 0-0 Nbd7 9. Qe2 Bb7 10. Ba6 Qc8 11. Bxb7 Qxb7 12. a4 a6 13. Rfd1 b5 14. axb5 axb5 15. Bxf6 Bxf6 16. e4 e6 17. exd5 exd5 18. dxc5 Nxc5 19. Nf1 Rxa1 20. Rxa1 b4 21. cxb4 Qxb4 22. Ne3 Qxb2 23. Qxb2 Bxb2 24. Rd1 d4 25. Nxd4 Bxd4 26. Rxd4 Ne6 27. Rd7 Rc8 28. g3 Rc7 29. Rd6 Rb7 30. Kg2 Kg7 31. h4 h5 32. f4 Kf6 33. Kf3 Ke7 34. Rd5 f5 35. Nc4 Rb3+ 36. Kg2 Nc7 37. Re5+ Ne6 38. Ra5 Nd4 39. Ra6 Ne6 40. Ra7+ Kd8 41. Ne5 Nc5 42. Rg7 Ne4 43. Rxg6 Rb2+ 44. Kf1 Rb3 45. Nf7+ Ke7 46. Nh6 Rb5 47. Ke2 Ke8 48. Nxf5 Kf7 49. Nd6+ Kxg6 50. Nxb5 Nxg3+ 51. Kf3 Nf5 52. Ke4 Nxh4 53. Nd4 Kf6 54. f5 Nxf5 55. Nxf5 1/2-1/2

[Event "Izmailov Memorial op 16th"]
[Site "Tomsk"]
[Date "2012.08.09"]
[Round "4"]
[White "Bochkarev, Alexey"]
[Black "Tunik, Sergey"]
[Result "1/2-1/2"]
[WhiteElo "2421"]
[BlackElo "2072"]
[PlyCount "161"]
[EventDate "2012.08.06"]
[EventType "swiss"]
[EventRounds "9"]
[EventCountry "RUS"]
[SourceTitle "CBM 149 Extra"]
[Source "ChessBase"]
[SourceDate "2012.08.24"]
[SourceVersion "1"]
[SourceVersionDate "2012.08.24"]
[SourceQuality "1"]

1. d4 Nf6 2. Nf3 g6 3. Bg5 Bg7 4. Nbd2 d5 5. e3 0-0 6. Be2 c6 7. 0-0 Bg4 8. c4 Nbd7 9. h3 Bxf3 10. Nxf3 Re8 11. cxd5 cxd5 12. Qb3 Qb6 13. Nd2 Rec8 14. Bb5 e6 15. Bf4 a6 16. Bd3 Ne8 17. Rac1 Bf8 18. Nf3 Qxb3 19. axb3 Bd6 20. Bxd6 Nxd6 21. Rc3 Rxc3 22. bxc3 Rc8 23. Rc1 b5 24. Kf1 a5 25. Ke1 Nb6 26. Kd2 a4 27. bxa4 bxa4 28. Kc2 Nbc4 29. Ra1 Rb8 30. Ra2 Rb3 31. Bxc4 Nxc4 32. Nd2 Nxd2 33. Kxd2 Rb1 34. Rxa4 Rb2+ 35. Ke1 Rc2 36. Ra8+ Kg7 37. Rc8 Kf6 38. Rc7 h5 39. h4 Kg7 40. Kf1 Kf6 41. f3 Rc1+ 42. Kf2 Rc2+ 43. Kg1 Rc1+ 44. Kh2 Re1 45. Kg3 Re2 46. Rc4 Kg7 47. Rc6 Kf6 48. c4 Rxe3 49. cxd5 Rd3 50. dxe6 Rxd4 51. exf7+ Kxf7 52. Ra6 Rb4 53. Ra3 Kf6 54. Re3 Rb2 55. Kh3 Rb4 56. Rc3 Ra4 57. g3 Ra2 58. Rc6+ Kg7 59. Rc4 Kf6 60. f4 Rf2 61. Rc6+ Kg7 62. Rc5 Kf6 63. Re5 Kf7 64. Re1 Kf6 65. Rg1 Rc2 66. Rg2 Rc5 67. Re2 Ra5 68. Kg2 Kf5 69. Kf3 Ra3+ 70. Re3 Ra5 71. Rc3 Rb5 72. Ke3 Ra5 73. Kd4 Kg4 74. Ke4 Ra1 75. Ke5 Rg1 76. Kf6 Rxg3 77. Rxg3+ Kxg3 78. Kg5 Kf3 79. f5 gxf5 80. Kxf5 Ke3 81. Kg5 1/2-1/2

[Event "Samara Polugaevsky Memorial 2nd"]
[Site "Samara"]
[Date "2012.07.07"]
[Round "3"]
[White "Bochkarev, Alexey"]
[Black "Dvoirys, Semen I"]
[Result "1-0"]
[WhiteElo "2410"]
[BlackElo "2580"]
[PlyCount "160"]
[EventDate "2012.07.05"]
[EventType "swiss"]
[EventRounds "9"]
[EventCountry "RUS"]
[SourceTitle "CBM 149 Extra"]
[Source "ChessBase"]
[SourceDate "2012.08.24"]
[SourceVersion "1"]
[SourceVersionDate "2012.08.24"]
[SourceQuality "1"]

1. d4 Nf6 2. Nf3 e6 3. Bg5 c5 4. e3 Nc6 5. c3 h6 6. Bh4 d5 7. Nbd2 Be7 8. Bd3 Nd7 9. Bg3 0-0 10. Ne5 Ndxe5 11. Bxe5 Nxe5 12. dxe5 Bd7 13. 0-0 Bc6 14. Qe2 c4 15. Bc2 Bc5 16. Nf3 Qc7 17. Rad1 Rfd8 18. Bb1 g6 19. Rd2 Bf8 20. Rfd1 Ba4 21. Re1 Bg7 22. e4 dxe4 23. Rxd8+ Rxd8 24. Bxe4 Be8 25. h3 b5 26. a3 a5 27. h4 Qc5 28. Bc2 b4 29. axb4 axb4 30. Nd4 Rd5 31. Nf3 b3 32. Be4 Rd8 33. Bb1 h5 34. g3 Bc6 35. Be4 Bxe4 36. Qxe4 Qd5 37. Qxd5 exd5 38. Ra1 Bh6 39. Kf1 Re8 40. Kg2 Bg7 41. Ra5 Bxe5 42. Rxd5 Bf6 43. Nd2 Rb8 44. Nxc4 Bxc3 45. bxc3 b2 46. Nxb2 Rxb2 47. Kf3 Rc2 48. Rd3 Kf8 49. Ke3 Ke7 50. f4 Ke6 51. Kd4 Kd6 52. Rf3 Rd2+ 53. Kc4 Rg2 54. Rd3+ Kc6 55. Kd4 Kd6 56. c4 Rc2 57. Rc3 Rd2+ 58. Ke3 Rg2 59. Kf3 Rg1 60. Rd3+ Ke6 61. Rc3 Kd6 62. Ke4 Re1+ 63. Kd4 Rd1+ 64. Rd3 Rc1 65. Ra3 Rd1+ 66. Ke3 Rc1 67. Ra6+ Ke7 68. Kd4 Rd1+ 69. Ke4 Re1+ 70. Kd5 Rd1+ 71. Kc6 Rd4 72. c5 Rd3 73. Kb7 Rc3 74. c6 Rc4 75. Rb6 Kd6 76. Rb1 Rd4 77. c7 Rc4 78. c8Q Rxc8 79. Kxc8 Ke6 80. Rg1 Kf5 1-0